000 01210cam a2200193K 4500
082 _a942.06
_bCOM
_cD
100 1 _aCurtis, Lionel,
_949951
245 1 4 _aThe commonwealth of nations
_ban inquiry into the nature of citizenship in the British empire, and into the mutual relations of the several communities thereof ...
_ced. by L. Curtis.
260 _aLondon,
_bMacmillan and Co.,
_c1918-
300 _a1 online resource.
_bfold. maps, fold. diagrs.
500 _a"First edition, 1916; reprinted 1917, 1918."
500 _a"The report is not the outcome of the investigations of a single man but the constructive criticism of one man's work by many hundreds of minds in all parts of the empire." This criticism was furnished by the Round table groups (so called from the name of the quarterly review instituted by their members) which were formed for studying the nature of citizenship in the British empire and the mutual relations of the several communities thereof.
526 _a0
_b0
_c0
_d942_060000000000000_COM
650 0 _aColonization.
_949952
650 0 _aMCE
_9379
710 2 _aRound table.
_949953
856 4 0 _uhttp://catalog.hathitrust.org/api/volumes/oclc/25528095.html
942 _2ddc
_cBK
999 _c552696
_d552696